Dil̀ogos y casos iberoamericanos sobre derecho internacional penal, derecho internacional humanitario y justicia transicional

Bibliographic Details
Main Author: Arv̌alo Ramr̕ez, Walter
Other Authors: Ols̀olo Alonso, Hčtor, Galvis, Ricardo Abello, Varn̤ Meja̕, Antonio
Format: eBook
Language:Spanish
Published: Bogot:̀ Editorial Universidad de Rosario (Colombia), 2020
Subjects:
Online Access:Acceso restringido

MARC

LEADER 00000nam a22000007a 4500
005 20210427231136.0
007 cr|||| ||||
008 210427s2020 co |||||s|||| 00||0 spa d
020 |a 978-958-784-505-1 
035 |a 33127 
040 |a vLex 
090 |c 11541  |d 11541 
100 1 |a Arv̌alo Ramr̕ez, Walter 
245 1 0 |a Dil̀ogos y casos iberoamericanos sobre derecho internacional penal, derecho internacional humanitario y justicia transicional  |h [Recurso electrn̤ico] /  |c Walter Arv̌alo Ramr̕ez, Hčtor Ols̀olo Alonso, Ricardo Abello Galvis, Antonio Varn̤ Meja̕ 
256 |a Servicio en ln̕ea 
260 |a Bogot:̀  |b Editorial Universidad de Rosario (Colombia),  |c 2020 
300 |a 1 recurso electrn̤ico 
506 1 |a Disponible solo en los productos indicados  |d vLex Global  |d vLex Global (Academic Edition, excluding Law Schools)  |d vLex Global (U.S. Academic Edition, Law Schools)  |d vLex Global (U.S. Academic Edition, excluding Law Schools)  |d vLex Global (Academic Edition, Law Schools) 
650 0 4 |a Derecho Internacional  |z Colombia 
700 1 |a Ols̀olo Alonso, Hčtor 
700 1 |a Galvis, Ricardo Abello 
700 1 |a Varn̤ Meja̕, Antonio 
740 0 |a vLex Libros (Servicio en ln̕ea) 
856 4 0 |u https://vlex.com/source/dialogos-casos-iberoamericanos-derecho-internacional-penal-derecho-internacional-humanitario-justicia-transicional-33127  |z Acceso restringido 
942 |c BOOK 
999 0 |a International right